Yugoslav Monopoly Board Quiz (Slovene production) - Statistics

General Stats
  • This quiz has been taken 25 times
  • The average score is 7 of 34
Answer Stats
Location % Correct
Belgrade Airport
92%
Ljubljana Airport
92%
Zagreb Airport
92%
Skopje Airport
76%
Bled Lake
28%
. Go
24%
Jail
24%
Plitvice Lakes
24%
Bohinj Lake
16%
Hvar Island
16%
Ohrid Lake
16%
Jahorina
12%
Kopaonik
12%
Krk Island
12%
Krvavec
12%
Ada Ciganlija
8%
Avala
8%
Bjelašnica
8%
Brač Island
8%
Central Adriatic
8%
Disco Club
8%
Kalemegdan
8%
Korčula Island
8%
North Adriatic
8%
Pag Island
8%
Popova Šapka
8%
Punishment
8%
Rab Island
8%
Reward
8%
South Adriatic
8%
Taxicab
8%
Bad Start
4%
Prespa Lake
4%
Water Taxi
4%
No matching quizzes found
Score Distribution
Percent of People with Each Score
Percentile by Number Answered
Your Score History
You have not taken this quiz